Transactions - 14th International Congresses of soil science, Kyoto, Japan, August 12-18,1990 - Vol I: Commission I
Gardado en:
| Formato: | Libro |
|---|---|
| Idioma: | Undetermined |
| Publicado: |
Kyoto, Japan
International Soceity of Soil Science
1990
|
| Những chủ đề: | |
| Các nhãn: |
Engadir etiqueta
Sen Etiquetas, Sexa o primeiro en etiquetar este rexistro!
|
| Thư viện lưu trữ: | Trung tâm Học liệu Trường Đại học Cần Thơ |
|---|
| LEADER | 00534nam a2200157Ia 4500 | ||
|---|---|---|---|
| 001 | CTU_38481 | ||
| 008 | 210402s9999 xx 000 0 und d | ||
| 082 | |a 631.4 | ||
| 082 | |b T772/volI | ||
| 245 | 0 | |a Transactions - 14th International Congresses of soil science, Kyoto, Japan, August 12-18,1990 - Vol I: Commission I | |
| 260 | |a Kyoto, Japan | ||
| 260 | |b International Soceity of Soil Science | ||
| 260 | |c 1990 | ||
| 650 | |a soil science,soils | ||
| 904 | |i Liên, 990401 | ||
| 980 | |a Trung tâm Học liệu Trường Đại học Cần Thơ | ||